| 000 | 00856nam a22002297a 4500 | ||
|---|---|---|---|
| 999 |
_c61741 _d61741 |
||
| 005 | 20240425171739.0 | ||
| 008 | 240425s2006 enk||||| |||| 00| 0 eng d | ||
| 020 | _a9781416034711x | ||
| 041 | _aeng | ||
| 080 | _a616.31 B-18 | ||
| 100 |
_aBath-Balogh, Mary _921944 |
||
| 245 |
_aWorkbook for Illustrated Dental Embryology, Histology, and Anatomy / _cMary Bath-Balogh, Margaret J. Fehrenbach. |
||
| 250 | _a2nd Edition | ||
| 264 |
_aSt. Louis : _bElsevier Saunders, _c2006. |
||
| 300 |
_a204 p.: _bill. ; _c27 cm. |
||
| 653 | _aსტომატოლოგიური ემბრიოლოგი | ||
| 653 | _aჰისტოლოგია | ||
| 653 | _aკბილის ანატომია | ||
| 653 | _aმედიცინა | ||
| 700 |
_aFehrenbach, Margaret J. _eავტორი _921945 |
||
| 942 |
_2udc _cᲬᲘᲒᲜᲘ |
||